War Experiences and the Story of the Vicksburg campaign from "Milliken's Bend" to July 4, 1863 : (Record no. 269486)
[ view plain ]
| 000 -LEADER | |
|---|---|
| fixed length control field | 00805cam a22002053a 4500 |
| 001 - CONTROL NUMBER | |
| control field | 40233 |
| 003 - CONTROL NUMBER IDENTIFIER | |
| control field | PGUSA |
| 005 - DATE AND TIME OF LATEST TRANSACTION | |
| control field | 20140828083909.0 |
| 008 - FIXED-LENGTH DATA ELEMENTS--GENERAL INFORMATION | |
| fixed length control field | 120714s2012||||xxu|||||s|||||000 | eng d |
| 040 ## - CATALOGING SOURCE | |
| Original cataloging agency | PGUSA |
| Language of cataloging | eng |
| 042 ## - AUTHENTICATION CODE | |
| Authentication code | dc |
| 100 1# - MAIN ENTRY--PERSONAL NAME | |
| Personal name | Kellogg, John Jackson, |
| Dates associated with a name | 1837-1916 |
| 245 10 - TITLE STATEMENT | |
| Title | War Experiences and the Story of the Vicksburg campaign from "Milliken's Bend" to July 4, 1863 : |
| Remainder of title | being an accurate and graphic account of campaign events taken from the diary of Capt. J.J. Kellogg, of Co. B 113th Illinois volunteer infantry |
| Medium | [electronic resource] / |
| Statement of responsibility, etc | John Jackson Kellogg |
| 260 ## - PUBLICATION, DISTRIBUTION, ETC. (IMPRINT) | |
| Name of publisher, distributor, etc | Project Gutenberg, |
| Date of publication, distribution, etc | 2012 |
| 506 ## - RESTRICTIONS ON ACCESS NOTE | |
| Terms governing access | Public domain in the USA. |
| 516 ## - TYPE OF COMPUTER FILE OR DATA NOTE | |
| Type of computer file or data note | Electronic text |
| 830 #0 - SERIES ADDED ENTRY--UNIFORM TITLE | |
| Uniform title | Project Gutenberg |
| Volume number/sequential designation | 40233 |
| 856 40 - ELECTRONIC LOCATION AND ACCESS | |
| Uniform Resource Identifier | <a href="http://www.gutenberg.org/ebooks/40233">http://www.gutenberg.org/ebooks/40233</a> |
| 942 ## - ADDED ENTRY ELEMENTS (KOHA) | |
| Koha item type | eBooks |
| Withdrawn status | Lost status | Damaged status | Home library | Current library | Date acquired | Total Checkouts | Date last seen | Price effective from | Koha item type |
|---|---|---|---|---|---|---|---|---|---|
| Project Gutenberg | Project Gutenberg | 08/28/2014 | 08/28/2014 | 08/28/2014 | eBooks |